[Event "Asian Nations Cup"]
[Site "http://asianchess.com/live/mnations/anco/"]
[Date "2016.04.05"]
[Round "9"]
[Board "4"]
[White "Hossain, Enamul"]
[Black "Mosadeghpour, Masoud"]
[Result "0-1"]
[WhiteElo "2426"]
[BlackElo "2481"]
[PlyCount "0"]
[EventDate "2016.03.28"]
[EventType "team"]
[EventRounds "9"]
[EventCountry "UAE"]
[WhiteTeam "Bangladesh"]
[BlackTeam "Iran"]

1. e4 {[%clk 1:29:31]} e5 {[%clk 1:30:47]} 2. Nf3 {[%clk 1:29:44]} Nf6
{[%clk 1:31:09]} 3. Nxe5 {[%clk 1:29:59]} d6 {[%clk 1:31:33]} 4. Nf3
{[%clk 1:30:23]} Nxe4 {[%clk 1:32:00]} 5. d4 {[%clk 1:30:38]} d5 {[%clk 1:32:29]}
6. Bd3 {[%clk 1:30:58]} Nc6 {[%clk 1:32:51]} 7. O-O {[%clk 1:31:15]} Be7
{[%clk 1:33:18]} 8. c4 {[%clk 1:31:17]} Nf6 {[%clk 1:33:46]} 9. Nc3
{[%clk 1:30:58]} O-O {[%clk 1:34:14]} 10. cxd5 {[%clk 1:30:24]} Nxd5
{[%clk 1:34:33]} 11. Re1 {[%clk 1:29:35]} Be6 {[%clk 1:33:50]} 12. a3
{[%clk 1:29:39]} a6 {[%clk 1:28:56]} 13. h3 {[%clk 1:23:44]} Bf6 {[%clk 1:23:04]}
14. Be4 {[%clk 1:23:48]} Nxc3 {[%clk 1:20:07]} 15. bxc3 {[%clk 1:22:22]} Bd5
{[%clk 1:20:31]} 16. Bc2 {[%clk 1:19:05]} Re8 {[%clk 1:17:47]} 17. Rxe8+
{[%clk 1:18:48]} Qxe8 {[%clk 1:18:10]} 18. Bf4 {[%clk 1:19:04]} Qd7
{[%clk 1:14:19]} 19. Qd3 {[%clk 1:15:09]} g6 {[%clk 1:14:41]} 20. Re1
{[%clk 1:15:22]} b5 {[%clk 0:59:54]} 21. Nh2 {[%clk 1:05:38]} Bg7
{[%clk 0:51:17]} 22. Re3 {[%clk 0:57:09]} Bc4 {[%clk 0:47:50]} 23. Qd1
{[%clk 0:56:04]} Ne7 {[%clk 0:45:29]} 24. Ng4 {[%clk 0:54:33]} Nd5
{[%clk 0:44:22]} 25. Qf3 {[%clk 0:54:36]} Re8 {[%clk 0:27:06]} 26. Nh6+
{[%clk 0:30:10]} Kf8 {[%clk 0:21:13]} 27. Rxe8+ {[%clk 0:27:19]} Kxe8
{[%clk 0:17:06]} 28. Bd2 {[%clk 0:22:59]} Qe6 {[%clk 0:12:09]} 29. Ng4
{[%clk 0:13:49]} Be2 {[%clk 0:05:44]} 30. Qg3 {[%clk 0:11:36]} Bc4
{[%clk 0:03:20]} 31. Ne5 {[%clk 0:07:16]} Nb6 {[%clk 0:02:24]} 32. Nf3
{[%clk 0:06:31]} Kd7 {[%clk 0:01:08]} 33. Ne5+ {[%clk 0:04:04]} Kc8
{[%clk 0:00:50]} 34. Bd1 {[%clk 0:04:08]} Bf8 {[%clk 0:00:38]} 35. Bg4
{[%clk 0:03:21]} f5 {[%clk 0:01:06]} 36. Bf3 {[%clk 0:03:44]} Bxa3
{[%clk 0:01:02]} 37. Qh4 {[%clk 0:03:54]} Nd7 {[%clk 0:00:33]} 38. Nxc4
{[%clk 0:03:03]} Qxc4 {[%clk 0:00:32]} 39. Qxh7 {[%clk 0:02:58]} Nf8
{[%clk 0:00:32]} 40. Qg7 {[%clk 0:01:14]} Bd6 {[%clk 0:00:33]} 41. Bf4
{[%clk 0:27:18]} Qe6 {[%clk 0:30:50]} 42. Bxd6 {[%clk 0:27:19]} Qxd6
{[%clk 0:31:18]} 43. Qf7 {[%clk 0:27:24]} Kb8 {[%clk 0:29:34]} 44. h4
{[%clk 0:21:58]} Ka7 {[%clk 0:27:05]} 45. h5 {[%clk 0:21:50]} gxh5
{[%clk 0:26:56]} 46. Qxf5 {[%clk 0:22:11]} h4 {[%clk 0:22:25]} 47. Qe4
{[%clk 0:19:55]} Kb6 {[%clk 0:22:51]} 48. Qxh4 {[%clk 0:19:58]} a5
{[%clk 0:22:30]} 49. Qe4 {[%clk 0:09:37]} c6 {[%clk 0:22:20]} 50. Qe3
{[%clk 0:09:37]} a4 {[%clk 0:20:59]} 51. d5+ {[%clk 0:09:04]} c5 {[%clk 0:20:03]}
52. c4 {[%clk 0:08:51]} b4 {[%clk 0:18:53]} 53. Qe8 {[%clk 0:08:21]} a3
{[%clk 0:18:02]} 54. Qb5+ {[%clk 0:07:37]} Kc7 {[%clk 0:18:08]} 55. Qa5+
{[%clk 0:08:05]} Kd7 {[%clk 0:18:04]} 56. Qa7+ {[%clk 0:07:45]} Kd8
{[%clk 0:17:42]} 57. Bg4 {[%clk 0:05:53]} Qc7 {[%clk 0:14:09]} 58. Qa8+
{[%clk 0:05:36]} Ke7 {[%clk 0:14:37]} 59. Bh5 {[%clk 0:05:10]} Qd8
{[%clk 0:09:04]} 60. Qb7+ {[%clk 0:03:17]} Qd7 {[%clk 0:08:11]} 61. Qa8
{[%clk 0:02:33]} Nh7 {[%clk 0:07:07]} 62. Qh8 {[%clk 0:02:05]} Kd6
{[%clk 0:07:35]} 63. Bg6 {[%clk 0:01:13]} Ng5 {[%clk 0:04:06]} 64. Qf6+
{[%clk 0:01:08]} Kc7 {[%clk 0:04:35]} 65. Qxg5 {[%clk 0:01:24]} a2
{[%clk 0:04:22]} 66. Qf6 {[%clk 0:01:38]} Qd6 {[%clk 0:03:46]} 67. Qg7+
{[%clk 0:01:45]} Qd7 {[%clk 0:03:10]} 68. Qe5+ {[%clk 0:01:47]} Qd6
{[%clk 0:03:22]} 69. Qg7+ {[%clk 0:02:15]} Qd7 {[%clk 0:03:44]} 70. Qh8
{[%clk 0:01:00]} b3 {[%clk 0:02:25]} 71. Qa8 {[%clk 0:01:28]} Kb6
{[%clk 0:01:57]} 72. Qa3 {[%clk 0:01:33]} Qa7 {[%clk 0:01:55]} 73. Qxb3+
{[%clk 0:02:01]} Kc7 {[%clk 0:02:19]} 74. Qg3+ {[%clk 0:02:21]} Kb7
{[%clk 0:02:26]} 75. Qd6 {[%clk 0:00:39]} a1=Q+ {[%clk 0:02:50]} 76. Kh2
{[%clk 0:01:05]} Qb8 {[%clk 0:02:21]} 77. Qe6 0-1

[Event "Asian Nations Cup"]
[Site "http://asianchess.com/live/mnations/anco/"]
[Date "2016.04.05"]
[Round "9"]
[Board "2"]
[White "Alattar, Rakan"]
[Black "Barsov, Alexei"]
[Result "0-1"]
[WhiteElo "2065"]
[BlackElo "2460"]
[PlyCount "0"]
[EventDate "2016.03.28"]
[EventType "team"]
[EventRounds "9"]
[EventCountry "UAE"]
[WhiteTeam "Jordan"]
[BlackTeam "Uzbekistan"]

1. e4 {[%clk 1:28:31]} e6 {[%clk 1:30:56]} 2. Nf3 {[%clk 1:28:49]} d5
{[%clk 1:31:18]} 3. e5 {[%clk 1:29:15]} c5 {[%clk 1:31:30]} 4. g3
{[%clk 1:29:35]} Nc6 {[%clk 1:28:26]} 5. Bg2 {[%clk 1:29:48]} g5 {[%clk 1:26:21]}
6. h3 {[%clk 1:30:06]} Bg7 {[%clk 1:23:05]} 7. d4 {[%clk 1:28:37]} Nxd4
{[%clk 1:19:10]} 8. Nxg5 {[%clk 1:18:49]} h6 {[%clk 1:15:51]} 9. Nf3
{[%clk 1:15:26]} Nxf3+ {[%clk 1:16:14]} 10. Bxf3 {[%clk 1:14:43]} Bxe5
{[%clk 1:10:31]} 11. O-O {[%clk 1:03:52]} Qf6 {[%clk 1:00:48]} 12. Nc3
{[%clk 1:00:02]} Bd7 {[%clk 0:32:34]} 13. Re1 {[%clk 0:50:49]} Ne7
{[%clk 0:32:48]} 14. Qe2 {[%clk 0:45:27]} Bxc3 {[%clk 0:19:55]} 15. bxc3
{[%clk 0:45:49]} Bc6 {[%clk 0:20:00]} 16. Rb1 {[%clk 0:38:50]} b6
{[%clk 0:12:34]} 17. Bg2 {[%clk 0:34:36]} Rd8 {[%clk 0:03:51]} 18. h4
{[%clk 0:27:32]} d4 {[%clk 0:02:58]} 19. Bxc6+ {[%clk 0:27:28]} Nxc6
{[%clk 0:03:26]} 20. Qb5 {[%clk 0:27:17]} e5 {[%clk 0:02:07]} 21. Rxe5+
{[%clk 0:12:25]} Kf8 {[%clk 0:02:29]} 22. Re4 {[%clk 0:10:18]} dxc3
{[%clk 0:02:22]} 23. Be3 {[%clk 0:07:44]} Nd4 {[%clk 0:01:39]} 24. Qa4
{[%clk 0:06:24]} Nf3+ {[%clk 0:01:31]} 25. Kg2 {[%clk 0:06:31]} Nd2
{[%clk 0:01:57]} 26. Rf4 {[%clk 0:06:31]} Qe6 {[%clk 0:02:04]} 27. Rd1
{[%clk 0:04:16]} Qd5+ {[%clk 0:01:31]} 28. f3 {[%clk 0:04:07]} Re8
{[%clk 0:01:49]} 29. Re4 {[%clk 0:02:29]} Rxe4 {[%clk 0:01:55]} 30. fxe4
{[%clk 0:02:46]} Qh5 {[%clk 0:01:39]} 31. Bxd2 {[%clk 0:01:00]} Qe2+
{[%clk 0:01:45]} 32. Kh3 {[%clk 0:01:05]} Qxd1 {[%clk 0:01:32]} 33. Bxc3
{[%clk 0:00:33]} Qh1+ {[%clk 0:01:50]} 34. Kg4 {[%clk 0:01:03]} Rg8+
{[%clk 0:01:59]} 35. Kf4 {[%clk 0:00:57]} Qf1+ {[%clk 0:01:34]} 36. Ke5
{[%clk 0:01:10]} Rxg3 {[%clk 0:01:36]} 37. Bb2 {[%clk 0:01:09]} Rg6
{[%clk 0:01:07]} 38. Kd5 {[%clk 0:00:46]} a6 {[%clk 0:01:06]} 39. a3
{[%clk 0:00:39]} Qd1+ {[%clk 0:01:04]} 40. Ke5 {[%clk 0:00:40]} Qd6+
{[%clk 0:00:58]} 41. Kf5 {[%clk 0:01:09]} Qe6+ {[%clk 0:01:04]} 42. Kf4
{[%clk 0:01:28]} b5 {[%clk 0:01:10]} 43. Qb3 {[%clk 0:01:15]} Rg4+
{[%clk 0:01:31]} 44. Ke5 0-1

[Event "Asian Nations Cup"]
[Site "http://asianchess.com/live/mnations/anco/"]
[Date "2016.04.05"]
[Round "9"]
[Board "1"]
[White "Mohammed, Zozek Salah Mohammed"]
[Black "Abdyjapar, Asyl"]
[Result "1/2-1/2"]
[WhiteElo "2256"]
[BlackElo "2385"]
[PlyCount "0"]
[EventDate "2016.03.28"]
[EventType "team"]
[EventRounds "9"]
[EventCountry "UAE"]
[WhiteTeam "Iraq"]
[BlackTeam "Kyrgyzstan"]

1. d4 {[%clk 1:27:40]} Nf6 {[%clk 1:30:56]} 2. c4 {[%clk 1:27:49]} e6
{[%clk 1:31:22]} 3. Nc3 {[%clk 1:28:03]} Bb4 {[%clk 1:31:47]} 4. e3
{[%clk 1:28:21]} O-O {[%clk 1:32:11]} 5. Nge2 {[%clk 1:27:57]} d5
{[%clk 1:32:28]} 6. a3 {[%clk 1:28:22]} Be7 {[%clk 1:32:50]} 7. cxd5
{[%clk 1:28:35]} exd5 {[%clk 1:33:15]} 8. Nf4 {[%clk 1:28:27]} c6
{[%clk 1:33:27]} 9. Bd3 {[%clk 1:28:29]} Re8 {[%clk 1:33:21]} 10. O-O
{[%clk 1:28:47]} Nbd7 {[%clk 1:33:37]} 11. f3 {[%clk 1:28:22]} Nf8
{[%clk 1:33:39]} 12. Bc2 {[%clk 1:28:44]} c5 {[%clk 1:22:18]} 13. Ba4
{[%clk 1:21:55]} Bd7 {[%clk 1:18:02]} 14. Ncxd5 {[%clk 1:11:24]} Nxd5
{[%clk 1:17:20]} 15. Nxd5 {[%clk 1:11:25]} Bxa4 {[%clk 1:17:34]} 16. Nxe7+
{[%clk 1:11:48]} Rxe7 {[%clk 1:17:22]} 17. Qxa4 {[%clk 1:12:02]} cxd4
{[%clk 1:17:45]} 18. Qxd4 {[%clk 1:09:55]} Rd7 {[%clk 1:07:46]} 19. Qa4
{[%clk 0:56:29]} Rc8 {[%clk 1:06:30]} 20. e4 {[%clk 0:51:37]} Qb6+
{[%clk 1:03:04]} 21. Kh1 {[%clk 0:51:40]} Rd3 {[%clk 1:02:43]} 22. Bf4
{[%clk 0:41:57]} Qxb2 {[%clk 0:50:57]} 23. Qxa7 {[%clk 0:41:01]} Rb3
{[%clk 0:44:09]} 24. Qg1 {[%clk 0:27:32]} Rxa3 {[%clk 0:30:00]} 25. Rfb1
{[%clk 0:19:20]} Rxa1 {[%clk 0:26:19]} 26. Rxb2 {[%clk 0:19:31]} Rxg1+
{[%clk 0:26:43]} 27. Kxg1 {[%clk 0:19:58]} Ne6 {[%clk 0:26:37]} 28. Bg3
{[%clk 0:09:22]} Rc1+ {[%clk 0:10:40]} 29. Kf2 {[%clk 0:09:32]} Nc5
{[%clk 0:10:43]} 30. Rb5 {[%clk 0:07:06]} Rc2+ {[%clk 0:08:39]} 31. Kf1
{[%clk 0:02:04]} Rc1+ {[%clk 0:08:29]} 32. Ke2 {[%clk 0:02:12]} h5
{[%clk 0:04:48]} 33. Kd2 {[%clk 0:01:30]} Rc4 {[%clk 0:04:18]} 34. Bf2
{[%clk 0:01:32]} Ne6 {[%clk 0:04:30]} 35. Rxb7 {[%clk 0:01:32]} Ra4
{[%clk 0:04:02]} 36. Rb2 {[%clk 0:01:37]} Nf4 {[%clk 0:04:12]} 37. g3
{[%clk 0:01:11]} Ne6 {[%clk 0:04:38]} 38. Be3 {[%clk 0:00:40]} g5
{[%clk 0:04:57]} 39. Ke2 {[%clk 0:00:34]} g4 {[%clk 0:05:06]} 40. Kf2
{[%clk 0:00:34]} Kg7 {[%clk 0:04:42]} 41. Rd2 {[%clk 0:27:38]} Kg6
{[%clk 0:32:50]} 42. Rd5 {[%clk 0:26:28]} Ra2+ {[%clk 0:30:55]} 43. Bd2
{[%clk 0:22:05]} Nc5 {[%clk 0:26:16]} 44. Rxc5 {[%clk 0:12:25]} Rxd2+
{[%clk 0:26:39]} 45. Ke3 {[%clk 0:12:48]} Rxh2 {[%clk 0:26:51]} 46. fxg4
{[%clk 0:13:11]} hxg4 {[%clk 0:26:56]} 47. Kf4 {[%clk 0:13:29]} f6
{[%clk 0:26:54]} 48. Kxg4 {[%clk 0:13:18]} Re2 {[%clk 0:27:18]} 49. Kf3
{[%clk 0:11:57]} Re1 {[%clk 0:27:34]} 50. Rc4 {[%clk 0:11:38]} Kg5
{[%clk 0:27:23]} 51. Kf2 {[%clk 0:08:50]} Ra1 {[%clk 0:27:42]} 52. Rc8
{[%clk 0:05:31]} Ra2+ {[%clk 0:27:15]} 53. Kf3 {[%clk 0:05:47]} Ra3+
{[%clk 0:27:40]} 54. Kg2 {[%clk 0:06:05]} Re3 {[%clk 0:27:15]} 55. Rg8+
{[%clk 0:05:55]} Kh5 {[%clk 0:26:58]} 56. Re8 {[%clk 0:05:56]} Kg5
{[%clk 0:26:42]} 57. Kf2 {[%clk 0:05:47]} Ra3 {[%clk 0:27:00]} 58. Rg8+
{[%clk 0:06:09]} Kh5 {[%clk 0:27:15]} 59. Ke2 {[%clk 0:02:54]} Rb3
{[%clk 0:27:27]} 60. Kf2 {[%clk 0:02:50]} Ra3 {[%clk 0:27:38]} 61. Rh8+
{[%clk 0:03:18]} Kg5 {[%clk 0:28:00]} 62. Rf8 {[%clk 0:03:04]} Rb3
{[%clk 0:28:02]} 63. Rd8 {[%clk 0:02:24]} Ra3 {[%clk 0:28:24]} 64. Rd5+
{[%clk 0:02:22]} Kg6 {[%clk 0:28:16]} 65. Rf5 {[%clk 0:02:30]} Rb3
{[%clk 0:28:19]} 66. Rf3 {[%clk 0:02:10]} Rb2+ {[%clk 0:28:43]} 67. Ke3
{[%clk 0:02:26]} Rb4 {[%clk 0:28:56]} 68. g4 {[%clk 0:01:22]} Rb3+
{[%clk 0:29:07]} 69. Kf4 {[%clk 0:01:49]} Rb1 {[%clk 0:29:32]} 70. Rf2
{[%clk 0:01:46]} Ra1 {[%clk 0:29:56]} 71. Rb2 {[%clk 0:01:13]} Rf1+
{[%clk 0:30:18]} 72. Kg3 {[%clk 0:01:13]} Re1 {[%clk 0:30:42]} 73. Rb4
{[%clk 0:01:33]} Rg1+ {[%clk 0:31:02]} 74. Kf3 {[%clk 0:01:54]} Rf1+
{[%clk 0:31:27]} 75. Kg2 {[%clk 0:02:04]} Ra1 {[%clk 0:31:46]} 76. Rb6
{[%clk 0:02:04]} Kg5 {[%clk 0:32:07]} 77. Kf3 {[%c

[Event "Asian Nations Cup"]
[Site "http://asianchess.com/live/mnations/anco/"]
[Date "2016.04.05"]
[Round "9"]
[Board "2"]
[White "Alshourfaa, Hazaa"]
[Black "Dawabsha, Taha"]
[Result "0-1"]
[WhiteElo "1808"]
[BlackElo "1912"]
[PlyCount "0"]
[EventDate "2016.03.28"]
[EventType "team"]
[EventRounds "9"]
[EventCountry "UAE"]
[WhiteTeam "Kuwait"]
[BlackTeam "Palestine"]

1. e4 {[%clk 1:29:56]} Nc6 {[%clk 1:24:09]} 2. Nc3 {[%clk 1:29:46]} Nf6
{[%clk 1:23:43]} 3. f4 {[%clk 1:28:32]} e5 {[%clk 1:23:57]} 4. fxe5
{[%clk 1:28:04]} Nxe5 {[%clk 1:24:16]} 5. d4 {[%clk 1:28:09]} Ng6
{[%clk 1:24:06]} 6. e5 {[%clk 1:25:25]} Ng8 {[%clk 1:24:34]} 7. Bc4
{[%clk 1:22:11]} Bb4 {[%clk 1:24:32]} 8. Qf3 {[%clk 1:21:46]} Qe7
{[%clk 1:23:44]} 9. Nge2 {[%clk 1:20:10]} Nh6 {[%clk 1:14:17]} 10. Bxh6
{[%clk 1:16:19]} gxh6 {[%clk 1:14:44]} 11. O-O {[%clk 1:16:24]} O-O
{[%clk 1:15:00]} 12. Nd5 {[%clk 1:15:00]} Qh4 {[%clk 1:09:01]} 13. Nxb4
{[%clk 1:13:17]} c6 {[%clk 1:08:13]} 14. g3 {[%clk 1:01:16]} Qe7 {[%clk 1:06:07]}
15. Qf6 {[%clk 0:56:23]} b5 {[%clk 1:04:02]} 16. Qxe7 {[%clk 0:49:50]} Nxe7
{[%clk 1:04:23]} 17. Bd3 {[%clk 0:38:49]} a5 {[%clk 1:04:23]} 18. Nxc6
{[%clk 0:31:49]} dxc6 {[%clk 1:04:25]} 19. Rf6 {[%clk 0:31:47]} Bd7
{[%clk 1:00:44]} 20. Rd6 {[%clk 0:24:54]} Rad8 {[%clk 0:59:12]} 21. Rf1
{[%clk 0:24:21]} Be6 {[%clk 0:59:13]} 22. Rxd8 {[%clk 0:23:39]} Rxd8
{[%clk 0:59:41]} 23. c3 {[%clk 0:15:50]} a4 {[%clk 0:59:31]} 24. a3
{[%clk 0:15:33]} Ng6 {[%clk 0:56:06]} 25. Be4 {[%clk 0:09:36]} Bc4
{[%clk 0:52:23]} 26. Kf2 {[%clk 0:08:38]} c5 {[%clk 0:49:51]} 27. Bxg6
{[%clk 0:05:02]} hxg6 {[%clk 0:49:51]} 28. Rd1 {[%clk 0:05:18]} Kf8
{[%clk 0:48:49]} 29. Nf4 {[%clk 0:02:40]} Ke7 {[%clk 0:49:18]} 30. Ng2
{[%clk 0:01:29]} Bb3 {[%clk 0:48:12]} 31. Rd2 {[%clk 0:01:47]} Ke6
{[%clk 0:47:34]} 32. Ke3 {[%clk 0:01:39]} cxd4+ {[%clk 0:47:46]} 33. cxd4
{[%clk 0:01:45]} g5 {[%clk 0:47:02]} 34. Ne1 {[%clk 0:02:14]} f6 {[%clk 0:46:59]}
35. Nd3 {[%clk 0:01:37]} Ba2 {[%clk 0:37:00]} 36. Nc5+ {[%clk 0:01:24]} Ke7
{[%clk 0:37:27]} 37. exf6+ {[%clk 0:00:56]} Kxf6 {[%clk 0:37:45]} 38. Ne4+
{[%clk 0:00:43]} Ke6 {[%clk 0:36:36]} 39. Nc3 {[%clk 0:00:52]} Bc4
{[%clk 0:36:39]} 40. d5+ {[%clk 0:00:49]} Ke5 {[%clk 0:34:20]} 41. d6
{[%clk 0:00:38]} Rxd6 {[%clk 0:31:50]} 42. Rxd6 {[%clk 0:29:00]} Kxd6
{[%clk 1:02:45]} 43. Kd4 {[%clk 0:29:18]} Bf1 {[%clk 1:02:12]} 44. Ne4+
{[%clk 0:29:03]} Ke6 {[%clk 1:01:15]} 45. Kc5 {[%clk 0:08:40]} Kf5
{[%clk 1:00:32]} 46. Nd6+ {[%clk 0:07:46]} Kg4 {[%clk 1:01:01]} 47. Nxb5
{[%clk 0:08:06]} Kh3 {[%clk 0:56:41]} 48. Nc3 {[%clk 0:08:35]} Kxh2
{[%clk 0:56:46]} 49. g4 {[%clk 0:05:03]} Bh3 {[%clk 0:55:43]} 50. Nxa4
{[%clk 0:05:18]} Bxg4 {[%clk 0:56:12]} 51. b4 {[%clk 0:05:10]} Bf3
{[%clk 0:56:24]} 52. Nc3 {[%clk 0:01:21]} g4 {[%clk 0:55:18]} 53. Nd5
{[%clk 0:00:57]} Bxd5 {[%clk 0:54:34]} 54. Kxd5 {[%clk 0:01:25]} g3
{[%clk 0:55:02]} 55. b5 {[%clk 0:01:54]} g2 {[%clk 0:55:16]} 56. b6
{[%clk 0:02:01]} g1=Q {[%clk 0:55:35]} 57. Kc6 {[%clk 0:02:20]} Qc1+
{[%clk 0:55:47]} 0-1